All Cities on a Map by Letter - U - Statistics

General Stats
  • This quiz has been taken 5 times
  • The average score is 23 of 478
Answers on the Map
Answers color-coded by a green-red scale on the quiz's map according to % correct below.
 
Answer Stats
Country City population Cities % Correct
Portugal 20760 Ul
100%
Netherlands 359370 Utrecht
100%
Russia 1128787 Ufa
80%
Serbia 6191 Ub
60%
Turkey 26613 Ula
60%
Mongolia 1396288 Ulaanbaatar
60%
United States 12559 Upper
60%
Sweden 174982 Uppsala
60%
Sweden 133117 Uppsala
60%
China 4335017 Ürümqi
60%
United States 114961 Utica
60%
Japan 162873 Ube
40%
Netherlands 41782 Uden
40%
Italy 97808 Udine
40%
Germany 129942 Ulm
40%
Korea, South 1127553 Ulsan
40%
India 58528 Una
40%
Brazil 18131 Una
40%
Germany 60223 Unna
40%
Argentina 82615 Ushuaia
40%
Brazil 103365 Ubá
20%
Germany 24354 Übach-Palenberg
20%
Germany 23240 Überlingen
20%
Thailand 68477 Ubon Ratchathani
20%
Thailand 130531 Udon Thani
20%
Japan 152948 Ueda
20%
Russia 255 Uelen
20%
Netherlands 30206 Uithoorn
20%
Japan 179626 Uji
20%
Japan 57096 Uki
20%
United States 16419 Ukiah
20%
Russia 439128 Ulan-Ude
20%
Netherlands 10440 Ulft
20%
India 10270 Ullūr
20%
United States 12628 Ulster
20%
Russia 613334 Ulyanovsk
20%
Sweden 94243 Umeå
20%
Japan 37713 Umi
20%
Colombia 9196 Une
20%
United States 60119 Union
20%
United States 55365 Union
20%
United States 12560 Union
20%
United States 68141 Union City
20%
United States 66375 Union City
20%
United States 27300 Union City
20%
United States 11040 Union City
20%
United States 21505 Unity
20%
United States 19853 Universal City
20%
United States 48868 University
20%
United States 34655 University City
20%
United States 25104 University Park
20%
United States 34850 University Place
20%
Germany 11957 Unterföhring
20%
Germany 26079 Unterhaching
20%
Greenland 1092 Upernavik
20%
United States 78940 Upland
20%
United States 36319 Upper Arlington
20%
United States 85190 Upper Darby
20%
United Kingdom 16130 Upton
20%
Japan 11998 Urakawa
20%
United States 38447 Urbana
20%
United States 13897 Urbana
20%
United States 11153 Urbana
20%
United States 46026 Urbandale
20%
Italy 13734 Urbino
20%
Netherlands 21227 Urk
20%
Japan 52767 Usa
20%
Turkey 236366 Uşak
20%
Japan 84505 Ushiku
20%
Czechia 91342 Ústí nad Labem
20%
El Salvador 87078 Usulután
20%
Lithuania 25608 Utena
20%
Thailand 15434 Uthai Thani
20%
Japan 518197 Utsunomiya
20%
Thailand 33357 Uttaradit
20%
United States 15344 Uvalde
20%
United Kingdom 70560 Uxbridge
20%
Canada 21556 Uxbridge
20%
United States 14318 Uxbridge
20%
Angola 225520 Uacu Cungo
0%
Morocco 902 Uad Damran
0%
Somalia 30000 Uar Esgudud
0%
Brazil 13690 Uarini
0%
Brazil 24665 Uauá
0%
Brazil 11708 Ubaí
0%
India 26318 Ubaidullāhganj
0%
Brazil 18626 Ubaíra
0%
Brazil 17596 Ubaitaba
0%
Brazil 32767 Ubajara
0%
Colombia 10718 Ubalá
0%
Brazil 13017 Ubaporanga
0%
Brazil 16094 Ubatã
0%
Brazil 66861 Ubatuba
0%
Philippines 81799 Ubay
0%
Netherlands 9358 Ubbergen
0%
Spain 34208 Úbeda
0%
Brazil 252051 Uberaba
0%
Germany 11591 Überherrn
0%
Brazil 501214 Uberlândia
0%
South Africa 1220 Ubombo
0%
Spain 16439 Ubrique
0%
Germany 13388 Ubstadt-Weiher
0%
Indonesia 74800 Ubud
0%
Tanzania 1086912 Ubungo
0%
Azerbaijan 14273 Ucar
0%
Russia 36175 Uchaly
0%
India 11373 Uchchangidurgam
0%
India 8713 Uchen
0%
Japan 15191 Uchiko
0%
Japan 26503 Uchinada
0%
Kyrgyzstan 14708 Uch-Korgon
0%
Brazil 10394 Uchoa
0%
Uzbekistan 26800 Uchquduq Shahri
0%
Uzbekistan 40000 Uchqŭrghon Shahri
0%
Pakistan 98852 Uch Sharif
0%
Uzbekistan 10110 Uchtepa Qishlog’i
0%
India 9108 Uchti
0%
China 27836 Uchturpan
0%
United Kingdom 15041 Uckfield
0%
Angola 55054 Ucuma
0%
Angola 187127 Ucu Seles
0%
Russia 13349 Udachnyy
0%
India 451100 Udaipur
0%
India 32758 Udaipur
0%
India 29236 Udaipur
0%
India 18193 Udaipura
0%
India 13077 Udaipur Bithwār
0%
India 15459 Udala
0%
India 19664 Udalguri
0%
India 61133 Udamalpet
0%
India 9051 Udarband
0%
India 11135 Udawantnagar
0%
India 15870 Udayagiri
0%
India 13469 Udayagiri
0%
India 15268 Udayendram
0%
Nepal 30731 Udaypur Gaḍhi̇̄
0%
India 9539 Udburu
0%
Sweden 34781 Uddevalla
0%
India 35507 Udhampur
0%
India 165401 Udipi
0%
India 15029 Udiyāvara
0%
Russia 25950 Udomlya
0%
India 18804 Udumanthala
0%
Germany 8638 Ueckermünde
0%
Germany 33991 Uelzen
0%
Japan 22557 Uenohara
0%
Germany 18776 Uetersen
0%
Germany 20392 Uetze
0%
Somalia 82850 Ufeyn
0%
India 9000 Ugamedi
0%
Italy 12075 Ugento
0%
Nigeria 420000 Ugep
0%
India 16964 Ughara
0%
Russia 7686 Uglegorsk
0%
Russia 32057 Uglich
0%
Japan 13547 Ugo
0%
Russia 3367 Ugol’nyye Kopi
0%
Philippines 22266 Ugong
0%
Serbia 10807 Ugrinovci
0%
Czechia 24933 Uherské Hradiště
0%
Czechia 16444 Uherský Brod
0%
Germany 14753 Uhingen
0%
Brazil 13432 Uibaí
0%
Angola 322531 Uíge
0%
Korea, South 421579 Uijeongbu
0%
Brazil 15300 Uiraúna
0%
South Africa 103639 Uitenhage
0%
Netherlands 13632 Uitgeest
0%
Korea, South 154879 Ŭiwang
0%
Hungary 12183 Újfehértó
0%
India 11696 Ūjhāna
0%
India 515215 Ujjain
0%
India 16465 Ujre
0%
India 10858 Ukal
0%
India 9372 Ukhāi Purbāri Patti
0%
Russia 77187 Ukhta
0%
Japan 27474 Ukiha
0%
India 24165 Ukkāyapalle
0%
Lithuania 21048 Ukmergė
0%
Ukraine 14163 Ukrainka
0%
Ukraine 10655 Ukrainsk
0%
Kenya 77686 Ukunda
0%
India 9385 Ukwā
0%
Mongolia 26319 Ulaangom
0%
Mongolia 3726 Ulaan-Uul
0%
China 327081 Ulanhot
0%
China 36645 Ulan Hua
0%
India 18020 Ulao
0%
India 8628 Ulātu
0%
Latvia 5583 Ulbroka
0%
Korea, South 14426 Ulchin
0%
Montenegro 19921 Ulcinj
0%
India 506098 Ulhāsnagar
0%
Mongolia 22006 Uliastay
0%
India 10000 Ulipuram
0%
Russia 10 Ulkan
0%
Australia 15278 Ulladulla
0%
India 53808 Ullāl
0%
India 30742 Ulliyeri
0%
India 35429 Ulliyil
0%
Hungary 12605 Üllő
0%
Mozambique 25309 Ulongué
0%
Sweden 11794 Ulricehamn
0%
Norway 8797 Ulstein
0%
India 235345 Uluberiya
0%
Turkey 16976 Ulubey
0%
Turkey 12068 Uludere
0%
South Africa 30828 Ulundi
0%
United Kingdom 11822 Ulverston
0%
Finland 12533 Ulvila
0%
Croatia 12699 Umag
0%
Ukraine 81525 Uman
0%
Mexico 56049 Uman
0%
Mexico 50993 Umán
0%
India 35477 Umarga
0%
India 27857 Umargām
0%
India 33114 Umaria
0%
Brazil 10078 Umarizal
0%
India 47458 Umarkhed
0%
Pakistan 35059 Umarkot
0%
India 32813 Umarkot
0%
Russia 6128 Umba
0%
Brazil 23917 Umbaúba
0%
Italy 16298 Umbertide
0%
Colombia 10314 Úmbita
0%
Spain 9394 Umbrete
0%
Brazil 13642 Umburanas
0%
Brazil 9124 Umburetama
0%
India 24261 Umga
0%
South Africa 24238 uMhlanga Rocks
0%
Philippines 77074 Umingan
0%
Brazil 17470 Umirim
0%
Libya 300 Umm al ‘Abīd
0%
United Arab Emirates 59098 Umm al Qaywayn
0%
India 17406 Ummannūr
0%
Libya 12098 Umm ar Rizam
0%
Sudan 12000 Umm Badr
0%
Israel 55300 Umm el Faḥm
0%
Iraq 107620 Umm Qaşr
0%
Qatar 54339 Umm Qurūn
0%
Sudan 55742 Umm Ruwaba
0%
Qatar 9000 Umm Şalāl ‘Alī
0%
Turkey 723760 Umraniye
0%
India 19855 Umrāpur
0%
India 28761 Umrat
0%
India 53971 Umred
0%
India 185320 Umreth
0%
India 9088 Umreth
0%
India 11947 Umri
0%
Nigeria 359230 Umuahia
0%
Brazil 117095 Umuarama
0%
Turkey 11953 Umurlu
0%
India 8958 Ūnagatla
0%
Brazil 86619 Unaí
0%
India 9320 Unāo
0%
India 31238 Unchagao
0%
India 21996 Unchahra
0%
Bolivia 5709 Uncia
0%
India 9743 Undavalli
0%
India 15322 Undi
0%
India 13293 Undrājavaram
0%
Japan 12079 Unebichō
0%
Russia 24274 Unecha
0%
Indonesia 164916 Ungaran
0%
Moldova 30804 Ungheni
0%
Maldives 1531 Ungoofaaru
0%
Colombia 12192 Unguía
0%
India 14280 Ungutūru
0%
India 18414 Unhel
0%
Brazil 46119 União
0%
Brazil 55033 União da Vitória
0%
Brazil 59280 União dos Palmares
0%
Czechia 11151 Uničov
0%
Panama 3000 Unión Chocó
0%
United States 33637 Uniondale
0%
Cuba 35021 Unión de Reyes
0%
Mexico 17915 Unión de San Antonio
0%
Mexico 13799 Unión de Tula
0%
United States 23272 Union Hill-Novelty Hill
0%
United States 11111 Union Park
0%
United States 9819 Uniontown
0%
Philippines 25448 Unisan
0%
United States 13508 University Heights
0%
United States 11634 University of California-Santa Barbara
0%
United States 9159 University of Virginia
0%
India 57108 Unjha
0%
Japan 35366 Unnan
0%
India 177658 Unnāo
0%
Argentina 18483 Unquillo
0%
Switzerland 8867 Unterägeri
0%
Germany 8697 Untergruppenbach
0%
Nigeria 120000 Unwana
0%
Turkey 132432 Ünye
0%
Japan 41018 Unzen
0%
Japan 34112 Uonuma
0%
Japan 42224 Uozu
0%
Costa Rica 16139 Upala
0%
Brazil 10991 Upanema
0%
Venezuela 53685 Upata
0%
Philippines 59004 Upi
0%
South Africa 74834 Upington
0%
India 58775 Upleta
0%
United Kingdom 25361 Upminster
0%
India 12964 Uppāda
0%
India 9397 Uppalaguptam
0%
India 9282 Uppalapādu
0%
United States 23415 Upper Allen
0%
Philippines 44592 Upper Bicutan
0%
Liberia 48315 Upper Buchanan
0%
United States 16833 Upper Chichester
0%
United States 26887 Upper Dublin
0%
United States 17162 Upper Grand Lagoon
0%
United States 17112 Upper Gwynedd
0%
New Zealand 41000 Upper Hutt
0%
United States 8920 Upper Leacock
0%
United States 27100 Upper Macungie
0%
United States 8829 Upper Makefield
0%
United States 34274 Upper Merion
0%
United States 12279 Upper Montclair
0%
United States 26053 Upper Moreland
0%
United States 24398 Upper Providence
0%
United States 17158 Upper Saucon
0%
United States 15199 Upper Southampton
0%
United States 20893 Upper St. Clair
0%
India 48473 Upperu
0%
United States 12731 Upper Uwchlan
0%
India 13399 Uppidamangalam
0%
Sweden 48907 Upplands Väsby
0%
India 9060 Uppugunduru
0%
India 12173 Uppukkottai
0%
India 9464 Uppūr
0%
Venezuela 9625 Uracoa
0%
Brazil 10406 Uraí
0%
India 30439 Uran
0%
Brazil 15355 Urandi
0%
India 9298 Urangānpatti
0%
Brazil 8833 Urânia
0%
Japan 115855 Urasoe
0%
India 35565 Uravakonda
0%
Russia 41315 Uray
0%
Japan 169749 Urayasu
0%
Germany 9274 Urbach
0%
Brazil 32812 Urbano Santos
0%
Philippines 55557 Urbiztondo
0%
Peru 10614 Urcos
0%
Philippines 144577 Urdaneta
0%
Argentina 8986 Urdinarrain
0%
Switzerland 9768 Urdorf
0%
Russia 12450 Uren
0%
Venezuela 37932 Ureña
0%
Japan 24529 Ureshinomachi-shimojuku
0%
Uzbekistan 145000 Urganch
0%
Italy 9890 Urgnano
0%
Afghanistan 10665 Urgūn
0%
Turkey 24647 Ürgüp
0%
Uzbekistan 99675 Urgut Shahri
0%
Mexico 52156 Uriangato
0%
Colombia 117674 Uribia
0%
Colombia 198890 Uripa
0%
Turkey 74736 Urla
0%
India 9745 Urlāha
0%
Romania 10131 Urlaţi
0%
United Kingdom 41731 Urmston
0%
Brazil 10725 Uropá
0%
India 9000 Urpāar
0%
Colombia 47128 Urrao
0%
France 10594 Urrugne
0%
Mexico 29005 Úrsulo Galván
0%
Uzbekistan 13271 Ŭrtaowul
0%
Brazil 42546 Uruaçu
0%
Brazil 13729 Uruana
0%
Mexico 334749 Uruapan
0%
Brazil 43558 Uruará
0%
Peru 2700 Urubamba
0%
Brazil 10834 Urubici
0%
Brazil 20189 Uruburetama
0%
Brazil 10600 Urucânia
0%
Brazil 16007 Urucará
0%
Brazil 21420 Uruçuca
0%
Brazil 25203 Uruçuí
0%
Brazil 17479 Urucuia
0%
Brazil 23945 Urucurituba
0%
Brazil 117210 Uruguaiana
0%
Japan 122371 Uruma
0%
Colombia 19629 Urumita
0%
India 67391 Urun-Islāmpur
0%
Brazil 13746 Uruoca
0%
Brazil 13744 Urupês
0%
Russia 65698 Urus-Martan
0%
Russia 36669 Uryupinsk
0%
Kazakhstan 17320 Uryzhar
0%
Romania 13380 Urziceni
0%
Namibia 3583 Usakos
0%
India 16354 Usgao
0%
Kazakhstan 15991 Üsharal
0%
Kazakhstan 14294 Ushkonyr
0%
Kazakhstan 24895 Üshtöbe
0%
India 24786 Usia
0%
Colombia 13573 Usiacurí
0%
India 35219 Usilampatti
0%
Germany 15095 Usingen
0%
Russia 31200 Usinsk
0%
Germany 14166 Uslar
0%
India 17085 Usmānpur
0%
India 12500 Usmānpur
0%
Italy 10547 Usmate Velate
0%
Uzbekistan 10500 Usmat Shaharchasi
0%
Colombia 314431 Usme
0%
Russia 74762 Usol’ye-Sibirskoye
0%
Philippines 57166 Uson
0%
Argentina 3439 Uspallata
0%
Guatemala 74244 Uspantán
0%
Ukraine 8550 Uspenka
0%
France 9174 Ussel
0%
Russia 179862 Ussuriysk
0%
Pakistan 76753 Usta Muhammad
0%
Switzerland 36791 Uster
0%
Russia 79570 Ust’-Ilimsk
0%
Czechia 14098 Ústí nad Orlicí
0%
Poland 14321 Ustka
0%
Russia 4939 Ust’-Kamchatsk
0%
Russia 22536 Ust’-Katav
0%
Russia 278 Ust’-Kut
0%
Russia 1517 Ust’-Kuyga
0%
Russia 3062 Ust’-Maya
0%
Russia 9148 Ust’-Nera
0%
Russia 573 Ust’-Nyukzha
0%
Russia 11 Ust’-Olenëk
0%
Russia 14538 Ust’-Ordynskiy
0%
Poland 16118 Ustroń
0%
Poland 8717 Ustrzyki Dolne
0%
Japan 15731 Usuda
0%
Japan 35681 Usuki
0%
Guatemala 13245 Usumatlán
0%
India 10616 Usuppūr
0%
United Kingdom 9100 Usworth
0%
Italy 8796 Uta
0%
Japan 18897 Utazu
0%
China 15063 Ut Bulag
0%
Spain 19022 Utebo
0%
India 12022 Utehia
0%
Pakistan 37071 Uthal
0%
Spain 11703 Utiel
0%
Brazil 16277 Utinga
0%
Russia 10 Utkholok
0%
India 16005 Utnūr
0%
Japan 35947 Uto
0%
India 32145 Utraula
0%
Spain 52173 Utrera
0%
India 29050 Uttamapālaiyam
0%
India 25194 Uttaramerūr
0%
India 40220 Uttarkāshi
0%
India 159147 Uttarpāra
0%
United Kingdom 14021 Uttoxeter
0%
India 14026 Ūttukkottai
0%
India 10948 Ūttukkuli
0%
Greenland 1407 Uummannaq
0%
Finland 14938 Uusikaupunki
0%
Russia 23584 Uvarovo
0%
Tanzania 387442 Uvinza
0%
Congo (Kinshasa) 726000 Uvira
0%
Japan 69639 Uwajima
0%
United States 19231 Uwchlan
0%
Russia 12036 Uyar
0%
Uzbekistan 29683 Uychi
0%
Nigeria 554906 Uyo
0%
Bolivia 26958 Uyuni
0%
Belarus 10619 Uzda
0%
Ukraine 115449 Uzhhorod
0%
Russia 14134 Uzhur
0%
Serbia 59747 Užice
0%
Russia 49427 Uzlovaya
0%
Uzbekistan 14600 Uzun
0%
Turkey 81692 Uzungöz
0%
Turkey 59351 Uzunköprü
0%
Switzerland 12885 Uzwil
0%
Ukraine 11921 Uzyn
0%
Kazakhstan 46159 Uzynaghash
0%
No matching quizzes found
Score Distribution
Percent of People with Each Score
Percentile by Number Answered
Your Score History
You have not taken this quiz